000 00540nam a22001697a 4500
005 20251108164729.0
008 250721s1980 xx 000 0 ara d
082 1 4 _a615.1/عبد
100 1 _aالروابدة، عبد الرؤوف
245 1 0 _aعلم الصيدلة وفق برنامج مساعدي الصيادلة /
246 1 1 _aPharmacy
264 1 _aعمان :
_bالمؤسسة الصحفية الأردنية - الرأي،
_c1980.
300 _a145ص
650 1 7 _aعلم الصيدلة
942 _2ddc
_cBK
999 _c12962
_d12962